| 000 | 00630nam a22001697a 4500 | ||
|---|---|---|---|
| 003 | OSt | ||
| 005 | 20171010095440.0 | ||
| 008 | 120608t xxu||||| |||| 00| 0 eng d | ||
| 040 |
_aMMSU _cULS |
||
| 100 |
_aGomez, Preciousa C., Yabes, Rommel F. _910095 |
||
| 245 |
_aA Web page for the Faculty Association Inc. of the Mariano Marcos State University _cPreciousa C. Gomez, Rommel F. Yabes |
||
| 260 | _c2007 | ||
| 300 |
_aviii, [121] leaves _c28 cm. |
||
| 500 | _aThesis (BS Computer Science) -- Mariano Marcos State University-College of Arts and Sciences, Batac City | ||
| 504 | _aBibliography: leaf 56 | ||
| 942 |
_2ddc _cTHEDIS |
||
| 999 |
_c9542 _d9542 |
||